Dirección estratégica de recursos humanos: gestión por competencias (Registro nro. 2232)
[ vista simple ]
| 000 -CABECERA | |
|---|---|
| campo de control de longitud fija | 00920aam a2200325 4500 |
| 005 - FECHA Y HORA DE ACTUALIZACIÓN | |
| campo de control | 20241008143958.0 |
| 008 - LONGITUD FIJA | |
| campo de control de longitud fija | 150525b xxu||||| |||| 00| 0 spa d |
| 041 ## - IDIOMA | |
| Código de idioma del texto/pista de sonido o título separado | |
| 082 ## - CLASIFICACIÓN DECIMAL DEWEY | |
| Número de clasificación | 658.3 AL434di2 |
| 100 ## - AUTOR PERSONAL | |
| Nombre de persona | Alles, Martha Alicia |
| 245 ## - TÍTULO PROPIAMENTE DICHO | |
| Título | Dirección estratégica de recursos humanos: gestión por competencias |
| 260 ## - PIE DE IMPRENTA | |
| Lugar de publicación, distribución, etc. | Argentina |
| Nombre del editor, distribuidor, etc. | Granica |
| Fecha de publicación, distribución, etc. | 2010 |
| 300 ## - DESCRIPCIÓN FÍSICA | |
| Extensión | 445 páginas |
| 650 ## - Materia General | |
| Materia general | RECURSOS HUMANOS |
| 650 ## - Materia General | |
| Materia general | DIRECCIÓN ESTRATEGICA |
| 650 ## - Materia General | |
| Materia general | ANÁLISIS DE PUESTOS |
| 650 ## - Materia General | |
| Materia general | DESCRIPCIÓN DE PUESTOS |
| 650 ## - Materia General | |
| Materia general | SELECCIÓN DE PERSONAL |
| 650 ## - Materia General | |
| Materia general | FORMACIÓN |
| 650 ## - Materia General | |
| Materia general | EVALUACIÓN DEL DESEMPEÑO |
| 650 ## - Materia General | |
| Materia general | PLAN DE JOVENES PROFESIONALES |
| 650 ## - Materia General | |
| Materia general | CAPITAL INTELECTUAL |
| 650 ## - Materia General | |
| Materia general | FUNCIÓN DE DESARROLLO |
| 650 ## - Materia General | |
| Materia general | REMUNERACIONES |
| 650 ## - Materia General | |
| Materia general | BENEFICIOS |
| 650 ## - Materia General | |
| Materia general | RENUNCIAS |
| 650 ## - Materia General | |
| Materia general | DESPIDOS |
| 650 ## - Materia General | |
| Materia general | JUBILACIÓN |
| 942 ## - Punto de Acceso Adicional Koha | |
| Tipo de ítem Koha | Libro |
| Estado perdido | Fuente de clasificación o esquema de estantería | Estado dañado | No para préstamo | Biblioteca permanente | Biblioteca actual | Enumeración serial/Volumen | Signatura completa | Código de barras | Precio efectivo a partir del | Programa Académico | Tipo de ítem |
|---|---|---|---|---|---|---|---|---|---|---|---|
| Dewey Decimal Classification | Departamento de Biblioteca y Documentación Alfonso Chase Brenes | Departamento de Biblioteca y Documentación Alfonso Chase Brenes | 2 edición | 658.3 AL434di2 | 15226 | 07/09/2016 | Libro |